Personnages de la mythologie grecque - Statistiques

Statistiques générales
  • Ce quiz a été pris 1 356 fois
    606 depuis la dernière actualisation
  • Le résultat moyen est 43 sur 104
Statistiques - réponses
Hint Réponse % Correct
Dieu du ciel et de la foudre Zeus
100%
Dieu de la mer et des océans, des tremblements de terre et des tempêtes Poséidon
98%
Dieu du monde souterrain Hadès
93%
Déesse de la Sagesse, de la guerre stratégique et de l'artisanat Athéna
92%
Déesse du mariage et de la fécondité Héra
92%
Dieu des voyageurs, des berges, des commerçants, des voleurs et des orateurs mais aussi messager des dieux Hermès
90%
Déesse de l'amour et de la procréation Aphrodite
89%
Dieu de la guerre sanglante, de la destruction et de l'offensive Arès
89%
Déesse de la chasse et de la lune Artémis
89%
Dieu du vin et du théâtre Dionysos
89%
Dieu de la forge et du feu Héphaïstos
89%
Dieu de l'art, de la beauté, du soleil et de la médecine Apollon
88%
Déesse Mère, ancêtre maternelle des races divines elle est considérée comme la déesse de la terre Gaïa
85%
Déesse de la terre fertile et des moissons Déméter
84%
Dieu de l'amour et de l'acte sexuel, Il est représenté muni d'un arc ainsi que de flèches d'argent qui provoquent le désir Éros
79%
Roi de titans, Il a mangé ses enfants afin de conserver le pouvoir. Son attribut principal est la faux Cronos
76%
Divinité du feu sacré et du foyer Hestia
76%
Déesse reine du monde souterrain, Elle passe huit mois sur Terre puis quatre dans le royaume souterrain Perséphone
67%
Personnification de la nuit Nyx
65%
Demi-dieu et héros, il réalise douze travaux pour expier un crime Héraclès
64%
Divinité primordial personnifiant le Ciel Ouranos
64%
Demi-dieu, Héros de Troie, il est pratiquement invulnérable, son seul point faible se situe au niveau de son talon Achille
63%
Grand héros, roi d'Ithaque et personnage central de l’Odyssée, il est renommé pour sa ruse, son retour de Troie vers sa terre natale est chanté par Homère Ulysse
63%
Titan condamné à porter le ciel sur ses épaules Atlas
60%
Dieu du sommeil Hypnos
60%
Grand héros, il devient célèbre lors de sa quête de la toison d'or avec les Argonautes Jason
59%
Dieu des rêves et des songes Morphée
58%
Héros tragique, il résout l'énigme du Sphynx, Tue tragiquement son père puis épouse sa mère Œdipe
58%
Jeune homme d'une grande beauté, il tomba amoureux de son propre reflet Narcisse
57%
Son père lui confectionna des ailes à l'aide de cire et de plumes, cependant il se rapprocha trop près du soleil et mourut d'une chute lorsque les ailes fondirent Icare
56%
Dieu de la nature sauvage et de la fécondité, protecteur des bergers et des troupeaux il est souvent représenté mi-homme mi-bouc Pan
56%
"Le prévoyant", titan ayant dérobé le feu sacré de l'Olympe afin de l'offrir aux Hommes. Il est condamné à être attaché à un rocher sur le mont Caucase, son foie dévoré par un aigle chaque jour Prométhée
56%
Personnification de la mort Thanatos
56%
Nocher des enfers, Contre une obole, les âmes de morts ayant une sépulture, peuvent traverser le Styx sur sa barque Charon
55%
Dieu des vents, il a six filles et six garçons, tous mariés entre eux Éole
55%
Déesse de la lune personnifiée Séléné
55%
Au nombre de neuf, ces déesses représentent les idées artistiques et intellectuelles des hommes et l'art de la musique. Les Muses
54%
Demi-dieu, il libère la ville d'Athènes de l'emprise du Minotaure Thésée
54%
Elle est abandonnée sur l'île de Naxôs après avoir aidé son amant à sortir du labyrinthe ou était enfermé le Minotaure, elle lui conseilla de dérouler un fil le long du trajet puis de suivre ce même fil pour le retour Ariane
51%
Artiste par excellence et constructeur d'un labyrinthe tellement complexe que personne n'est supposé pouvoir y sortir Dédale
51%
Première femme créée par les dieux, elle ouvre la jarre contenant tous les maux de l’humanité Pandore
51%
Demi-dieu, Il tue méduse, protège Andromède du Kraken puis l'épouse Persée
49%
Grand héros et demi dieu, Poète et musicien son instrument de prédilection est la lyre dont il joue incroyablement bien, il réussit l'exploit de descendre aux Enfers puis de revenir sur Terre Orphée
47%
Reine des titans, Titatnide de la fertilité et de la maternité. C'est la mère des Cronides Rhéa
46%
Dieu du soleil et gardien des serments et du don de la vue. Souvent représenté avec une couronne rayonnante et chevauchant un char à travers le ciel Hélios
45%
Premier dieu, il précède l'origine du monde et celle des dieux Chaos
44%
Elles sont trois, Clotho la fileuse qui déroule le fil de la vie, Lachésis qui assigne à chacun sa destiné et Artopos qui tranche le fil de la vie. On les considère comme les divinités du destin Les Moires
42%
Titanide aimée de Zeus, mère d’Apollon et Artémis. Persécutée par Héra jalouse, elle erre jusqu’à l’île de Délos, où elle met au monde ses deux enfants jumeaux. Léto
41%
Reine de Sparte d’une beauté légendaire, enlevée, elle provoque la guerre de Troie Hélène
40%
Transformée en araignée après avoir défié une déesse dans un concours de tissage Arachné
39%
Dieu du vent du nord Borée
39%
Centaures le plus sage et le plus juste, maître de nombreux héros tels qu’Achille et Héraclès Chiron
38%
Déesse de la discorde, Lors de noces elle jette une pomme d'or portant l'inscription "Pour la plus belle", cette pomme de discorde provoque indirectement la guerre de Troie Éris
38%
Prince troyen, il choisit Aphrodite comme la plus belle déesse et reçoit Hélène en récompense, provoquant la guerre de Troie Pâris
38%
Roi de Corinthe, célèbre pour sa ruse et ses fourberies, il défit les dieux et est condamné à faire rouler éternellement jusqu’en haut d'une colline un rocher qui en redescendait chaque fois avant de parvenir au sommet Sisyphe
34%
Roi de Phrygie, il obtient de Dionysos le pouvoir de transformer en or tout ce qu’il touche, don qui devient vite une malédiction Midas
33%
Roi de Crète, fils de Zeus et d’Europe, il fait construire le Labyrinthe pour enfermer le Minotaure Minos
33%
Dieu du vent d'Ouest zéphyr
33%
Nymphe de l’île d’Ogygie, fille d’Atlas. Elle retient Ulysse plusieurs années, lui promettant l’immortalité s’il accepte de rester auprès d’elle Calypso
32%
Elle reçoit le don de prévoyance à la condition de s'offrir au dieu du soleil, cependant elle refuse, pour la punir, le dieu décrète que ses prédictions ne seront jamais crues Cassandre
32%
Roi de Mycènes et chef des armées grecques durant la guerre de Troie. Il sacrifie sa fille Iphigénie pour apaiser la déesse Artémis Agamemnon
31%
Elle décide de s'opposer à son oncle Créon en enterrant son frère afin de respecter les lois divines, elle se donnera la mort par la suite Antigone
31%
Cyclope fils de Poséidon, aveuglé par Ulysse lors de son retour d’Ilion Polyphème
31%
Déesse de la Vengeance et de la Justice distributive Némésis
30%
"Celui qui réfléchit après coup", avec son frère il est chargé de peupler la terre, Il répartit les qualités et les défauts parmi les animaux, les créant ainsi Épiméthée
29%
Titan des fleuves, de la mer et des océans Océan
29%
Fils d’Ulysse et de Pénélope, il part à la recherche de son père disparu après la guerre de Troie. Symbole de la fidélité filiale et du passage à l’âge adulte Télémaque
29%
Déesse de la magie, de la transformation et de l’illusion, elle retient Ulysse sur son île avant de le laisser partir Circé
28%
Déesse de l’arc-en-ciel et messagère d’Héra, intermédiaire entre les dieux et les homme Iris
28%
Magicienne redoutable, fille d’Éétès et amante de Jason, elle l’aide à conquérir la Toison d’or Médée
27%
Roi de Sparte et époux d’Hélène. Son épouse lui étant enlevée par Pâris, il rassemble les rois grecs pour partir en guerre contre Troie Ménélas
27%
Fils d’Apollon et de Coronis, il est élevé par le centaure Chiron. Doué pour la médecine, il parvient à ressusciter les morts, ce qui lui vaut d’être foudroyé par Zeus avant d’être divinisé comme dieu de la médecine Asclépios
23%
Dernier roi de Troie, Il supplie Achille de lui rendre le corps de son fils, scène emblématique de l’Iliade Priam
20%
D’abord princesse mortelle à la beauté réputée puis déesse de l'âme, elle se marie au dieu de l'amour et donne une fille, Hédoné le "Plaisir" Psyché
20%
Connu pour son orgueil et son destin tragique, condamné à une faim et une soif éternelles aux Enfers Tantale
20%
Nymphe d’une grande beauté, aimée d’Apollon, elle fut condamnée par Héra à ne pouvoir que répéter les paroles des autres Écho
19%
Reine de Thrace et épouse d’Orphée, elle meurt mordue par un serpent le jour de leurs noces Eurydice
19%
Titanide de la Justice divine et de l’ordre cosmique, elle est l’une des premières amantes de Zeus. De leur union naissent les Heures et les Moires, symboles du destin et de l’équilibre du monde. Thémis
19%
Grand héros, il tue la chimère Bellérophon
18%
Personnification des ténèbres et de l'obscurité Érèbe
18%
Fils d’Hermès et d’une nymphe, il garde des traits à la fois masculins et féminins après avoir fusionné avec la nymphe Salmacis Hermaphrodite
18%
Nymphe transformée en laurier pour échapper à l’amour d’Apollon Daphné
17%
Titan de la lumière céleste Hypérion
17%
Monstre mi-femme mi-serpent, mère de nombreuses créatures mythiques telles que Cerbère et l’Hydre Échidna
16%
Divinité marine, elle plonge ses sept enfants dans le styx pour les défaire de leur nature mortelle, seul un survie Thétis
16%
Au nombre de trois, Aglaé, Thalie et Euphrosyne. Triple Incarnation de la grâce et de la beauté. Les Charites
14%
Elle fut violée par le roi des dieux qui prit la forme d'un cygne, suite à cet acte sexuel, elle donna naissance à quatre enfants qui naquirent dans deux œufs Léda
13%
Déesse de la ruse, de l'intelligence et de la prudence, c'est la première amante du roi des dieux Métis
12%
Épouse de Thésée, fille de Minos, consumée par un amour fatal pour son beau-fils Hippolyte Phèdre
12%
Jeune prince aimé d’Artémis, tué par accident par la déesse, il fut transformé en constellation par Zeus Orion
11%
Déesse de l’aurore, sœur d’Hélios et de Séléné, elle ouvre chaque jour les portes du ciel pour laisser passer le soleil Éos
10%
Jeune homme aimé d’Apollon, tué accidentellement par un disque lancé par le dieu, de son sang naquit la fleur du même nom Hyacinthe
9%
Mortelle, épouse d’Amphitryon, mère d’Héraclès. Zeus prend l’apparence de son mari pour la séduire, engendrant le célèbre héros Alcmène
8%
Fille du roi Acrisios d’Argos, enfermée dans une tour pour empêcher une prophétie, elle fut fécondée par Zeus sous la forme d’une pluie d’or et donna naissance à Persée Danaé
7%
Fille de Cadmos et amante de Zeus, elle est trompée par Héra et demande à voir Zeus dans toute sa gloire. Brûlée par sa divinité, elle meurt, laissant naître Dionysos Sémélé
6%
Jeune homme d’une beauté exceptionnelle aimé d’Aphrodite et de Perséphone ; tué par un sanglier, il renaît chaque année au printemps Adonis
5%
Héros légendaire, fondateur de la ville de Thèbes, il tua un dragon, puis sema les dents de la créatures afin que sortent de la terre les Spartoi Cadmos
5%
Reine d’Éthiopie, épouse de Céphée et mère d’Andromède, sa vanité attira la colère de Poséidon Cassiopée
3%
Pécheur mortel qui devient par la suite une divinité marine en mangeant une herbe particulière. Le bas de son corps se finit en queue de poisson et il possède le don de prophétie. Glaucos
3%
Fille du roi Pandion d’Athènes, violée par Térée, elle est transformée en rossignol par les dieux pour échapper à sa souffrance Philomèle
3%
Fille du roi Tantale et reine de Thèbes, fière de sa nombreuse descendance, elle osa se moquer de Léto, mère de seulement deux enfants, Apollon et Artémis. Pour la punir de son orgueil, ces derniers décimèrent tous ses enfants Niobé
2%
Fille de Cadmos et sœur d’Harmonie. Elle incarne la folie des bacchante et est frappée par la frénésie de Dionysos pour avoir douté de sa divinité. Dans cet état, elle tue son propre fils Agavé
1%
Jeune berger d’une beauté exceptionnelle, il est aimé par Séléné, déesse de la Lune, qui le plonge dans un sommeil éternel pour préserver sa jeunesse et sa beauté Endymion
1%
Sœur de Philomèle, épouse de Térée, elle sert à son mari leur fils en vengeance avant d’être changée en hirondelle Procné
1%
Aucun quiz correspondant
Distribution des résultats
% des personnes avec chaque résultat
Percentile par nombre de réponses
Votre historique - résultats
Vous n’avez pas pris ce quiz depuis la dernière actualisation